[Event "FRA-chT2 0910"]
[Site "France"]
[Date "2009.11.22"]
[Round "4.1"]
[White "Coursaget, Nicolas"]
[Black "Jessel, Stephen"]
[Result "1-0"]
[WhiteElo "2311"]
[BlackElo "2293"]
[PlyCount "151"]
[EventDate "2009.09.27"]
[EventType "team"]
[EventRounds "11"]
[EventCountry "FRA"]
[Source "ChessBase"]
[SourceDate "2010.03.11"]

1. d4 d5 2. Nf3 e6 3. c4 c6 4. cxd5 exd5 5. Nc3 Nf6 6. Bg5 Be7 7. e3 O-O 8. Bd3
Nbd7 9. Qc2 Re8 10. O-O-O Nf8 11. h3 Be6 12. g4 Qa5 13. Bxf6 Bxf6 14. Kb1 c5
15. g5 Be7 16. dxc5 Rac8 17. Nd4 Bxc5 18. Nb3 Qb4 19. Qd2 Bb6 20. f4 Bd7 21.
Rhe1 Bc6 22. h4 a5 23. Bc2 a4 24. a3 Qc4 25. Nd4 Ba5 26. Qd3 Bd7 27. Nde2 Bg4
28. Qxc4 dxc4 29. Rd5 Bc7 30. Nd4 Bxf4 31. Bf5 Bxf5+ 32. Nxf5 Bb8 33. Nxa4 g6
34. Nh6+ Kg7 35. Nb6 Rc6 36. Nd7 Nxd7 37. Rxd7 Rc7 38. Red1 Rxd7 39. Rxd7 Rf8
40. Kc2 Bg3 41. Rd4 b5 42. a4 bxa4 43. Rxc4 Ra8 44. Rg4 Bh2 45. Re4 Bg3 46. Kd3
Bd6 47. Rd4 Be5 48. Rb4 Ra7 49. Ke2 Bd6 50. Rd4 Bf8 51. Kf3 f6 52. Rd8 fxg5 53.
hxg5 Ra5 54. Rd7+ Kh8 55. e4 a3 56. bxa3 Rxa3+ 57. Kf4 Bxh6 58. gxh6 Kg8 59. e5
Ra6 60. Rd8+ Kf7 61. Rh8 Ke6 62. Rxh7 Ra1 63. Rh8 Rf1+ 64. Ke4 Rh1 65. Kf3 Kf7
66. Kf4 Rh5 67. h7 Kg7 68. e6 Rf5+ 69. Ke4 Rf1 70. Rb8 Kxh7 71. Ke5 Kg7 72. e7
Re1+ 73. Kd6 Rd1+ 74. Kc5 Rc1+ 75. Kd4 Rd1+ 76. Kc3 1-0

[Event "FRA-chT2 0910"]
[Site "France"]
[Date "2009.11.22"]
[Round "4.1"]
[White "Favarel, Julien"]
[Black "Wohl, Aleksandar H"]
[Result "1/2-1/2"]
[WhiteElo "2299"]
[BlackElo "2457"]
[PlyCount "89"]
[EventDate "2009.09.27"]
[EventType "team"]
[EventRounds "11"]
[EventCountry "FRA"]
[Source "ChessBase"]
[SourceDate "2010.03.11"]

1. d4 g6 2. c4 Bg7 3. e4 d6 4. Nc3 e5 5. Nf3 Nc6 6. dxe5 dxe5 7. Qxd8+ Kxd8 8.
Bg5+ f6 9. O-O-O+ Bd7 10. Be3 Kc8 11. h3 Nh6 12. Be2 Nf7 13. Rd2 Be6 14. g4 b6
15. Kb1 Kb7 16. a3 Na5 17. Nd5 Nd6 18. Rc2 c6 19. Nd2 cxd5 20. cxd5 Bd7 21. b4
Nb3 22. Nxb3 Ba4 23. Kb2 Rac8 24. Rxc8 Rxc8 25. f3 f5 26. gxf5 gxf5 27. Rg1 Bf6
28. Bd3 fxe4 29. fxe4 Nc4+ 30. Bxc4 Rxc4 31. Rf1 Rxe4 32. Bd2 Re2 33. Rxf6 Bxb3
34. Kxb3 Rxd2 35. Rf7+ Kb8 36. Rxh7 Rxd5 37. Kc4 Rd8 38. Re7 Rh8 39. Kb5 Rxh3
40. a4 Rb3 41. Rxe5 a5 42. Kxb6 Rxb4+ 43. Kxa5 Rh4 44. Kb6 Rh6+ 45. Kb5 1/2-1/2

[Event "FRA-chT2 0910"]
[Site "France"]
[Date "2009.11.22"]
[Round "4.1"]
[White "Kosten, Anthony C"]
[Black "Flear, Glenn C"]
[Result "0-1"]
[WhiteElo "2506"]
[BlackElo "2497"]
[PlyCount "106"]
[EventDate "2009.09.27"]
[EventType "team"]
[EventRounds "11"]
[EventCountry "FRA"]
[Source "ChessBase"]
[SourceDate "2010.03.11"]
[WhiteTeam "Chamalières"]
[BlackTeam "L'Echiquier du Roy René"]

1. e4 e5 2. Nf3 Nc6 3. Bc4 Nf6 4. d3 Be7 5. O-O O-O 6. c3 d6 7. Bb3 Na5 8. Bc2
c5 9. Nbd2 Qc7 10. Re1 Be6 11. Nf1 Rad8 12. h3 Nc6 13. Ng3 d5 14. Qe2 d4 15.
Bb3 c4 16. Bxc4 Bxc4 17. dxc4 dxc3 18. bxc3 Na5 19. Nf5 Rc8 20. Nd2 Bc5 21. Qf3
Ne8 22. Rb1 b6 23. Qg4 Kh8 24. Qg3 f6 25. Rd1 Nd6 26. Nxd6 Qxd6 27. Qg4 Rfd8
28. Bb2 Qe7 29. Qe2 Qe6 30. Nb3 Qxc4 31. Rxd8+ Rxd8 32. Rd1 Rd6 33. Rxd6 Bxd6
34. Qc2 Nb7 35. Bc1 h6 36. Be3 Bb4 37. Bd2 Ba3 38. Be3 Bb4 39. Bd2 Nd6 40. Qc1
Bc5 41. Nxc5 bxc5 42. Bxh6 gxh6 43. Qxh6+ Kg8 44. Qg6+ Kf8 45. Qxf6+ Nf7 46.
Qc6 Qxc3 47. g4 c4 48. Kg2 Qd4 49. h4 c3 50. g5 Nd6 51. f3 Qd2+ 52. Kh3 c2 53.
Qa8+ Ke7 0-1

[Event "FRA-chT2 0910"]
[Site "France"]
[Date "2009.11.22"]
[Round "4.1"]
[White "Laclau, Daniel"]
[Black "Anic, Darko"]
[Result "1-0"]
[WhiteElo "2280"]
[BlackElo "2445"]
[PlyCount "137"]
[EventDate "2009.09.27"]
[EventType "team"]
[EventRounds "11"]
[EventCountry "FRA"]
[Source "ChessBase"]
[SourceDate "2010.03.11"]
[BlackTeam "Lodève"]

1. d4 c6 2. Nf3 Nf6 3. c4 d6 4. Nc3 Nbd7 5. e4 e5 6. Be2 Be7 7. O-O O-O 8. Qc2
Re8 9. Rd1 Qc7 10. h3 a6 11. Be3 b5 12. a3 Bb7 13. Rac1 exd4 14. Nxd4 Bf8 15.
Nf5 Rac8 16. Bf4 Ne5 17. cxb5 cxb5 18. Qd2 Qb8 19. Nxd6 Rcd8 20. Nxe8 Rxd2 21.
Nxf6+ gxf6 22. Bxd2 Qa8 23. Nd5 Bxd5 24. exd5 Qxd5 25. Rc8 Qe6 26. Ra8 Kg7 27.
Be3 Be7 28. Rc1 Nc4 29. Bxc4 bxc4 30. Rd1 Qc6 31. Ra7 Bd6 32. Rd4 h5 33. Rh4
Kg6 34. g4 hxg4 35. Rxg4+ Kf5 36. Rxf7 Qf3 37. Rh7 Be5 38. Rhh4 Qd1+ 39. Kg2
Qd5+ 40. f3 Qd3 41. Bf2 Bxb2 42. Rxc4 Bxa3 43. Rhd4 Qe2 44. Rf4+ Kg6 45. Rg4+
Kf7 46. Rc7+ Kf8 47. Rh4 Kg8 48. Rd4 Qe8 49. Re4 Qd8 50. Rg4+ Kh8 51. Rh4+ Kg8
52. Rhc4 Bf8 53. Rc8 Qa5 54. R8c7 Bd6 55. Rd7 Bf8 56. Rc8 Qg5+ 57. Bg3 a5 58.
Rdd8 Kg7 59. Rxf8 Qd2+ 60. Bf2 a4 61. Ra8 Qg5+ 62. Bg3 Qb5 63. Ra7+ Kg6 64.
Rg8+ Kf5 65. Bf2 Qb3 66. Raa8 Kf4 67. Bg3+ Kf5 68. Rg7 Qb2+ 69. Bf2 1-0

[Event "FRA-chT2 0910"]
[Site "France"]
[Date "2009.11.22"]
[Round "4.1"]
[White "Milov, Leonid"]
[Black "Cursoux, Laurent"]
[Result "1-0"]
[WhiteElo "2539"]
[BlackElo "2249"]
[PlyCount "109"]
[EventDate "2009.09.27"]
[EventType "team"]
[EventRounds "11"]
[EventCountry "FRA"]
[Source "ChessBase"]
[SourceDate "2010.03.11"]
[WhiteTeam "Colmar"]
[BlackTeam "Corbas"]

1. e4 c5 2. Nf3 d6 3. d4 cxd4 4. Nxd4 Nf6 5. Nc3 g6 6. Be3 Bg7 7. f3 O-O 8. Qd2
Nc6 9. O-O-O Bd7 10. h4 h5 11. Kb1 Rc8 12. Be2 Ne5 13. Nd5 Nxd5 14. exd5 Qc7
15. Bh6 Nc4 16. Bxc4 Qxc4 17. Bxg7 Kxg7 18. g4 Rh8 19. Qg5 e5 20. dxe6 Bxe6 21.
b3 Qc7 22. Rhe1 Qd7 23. Nxe6+ fxe6 24. Qe5+ dxe5 25. Rxd7+ Kg8 26. g5 Rh7 27.
Rxh7 Kxh7 28. Rxe5 Rc6 29. c4 b6 30. Kc2 Kg7 31. Kc3 Kf7 32. b4 Ke7 33. Re4 Rd6
34. Rd4 Rc6 35. Rf4 e5 36. Re4 Ke6 37. f4 Kf5 38. Rxe5+ Kxf4 39. Rd5 Ke4 40.
Rd4+ Kf5 41. Kd3 Ke5 42. Rd5+ Kf4 43. c5 bxc5 44. bxc5 Kg3 45. Kc4 Kxh4 46. Rd6
Rc8 47. Rxg6 Kg3 48. c6 h4 49. Kd5 h3 50. Rh6 Rg8 51. g6 h2 52. c7 Kg2 53. g7
h1=Q 54. Rxh1 Kxh1 55. Kd6 1-0

[Event "FRA-chT2 0910"]
[Site "France"]
[Date "2009.11.22"]
[Round "4.1"]
[White "Petrossian, Armen"]
[Black "Midoux, Sebastien"]
[Result "1/2-1/2"]
[WhiteElo "2421"]
[BlackElo "2351"]
[PlyCount "99"]
[EventDate "2009.09.27"]
[EventType "team"]
[EventRounds "11"]
[EventCountry "FRA"]
[Source "ChessBase"]
[SourceDate "2010.03.11"]

1. e4 e5 2. Nf3 Nc6 3. Bb5 Bc5 4. O-O Nd4 5. Nxd4 Bxd4 6. c3 Bb6 7. d4 c6 8.
Bc4 d6 9. dxe5 dxe5 10. Qh5 Qe7 11. Bg5 Nf6 12. Qh4 Be6 13. Nd2 h6 14. a4 Rg8
15. Bxf6 Qxf6 16. Qh5 g6 17. Qe2 Kf8 18. a5 Bc7 19. Nb3 Bd6 20. Rad1 Be7 21. f4
exf4 22. e5 Qf5 23. Kh1 Qg4 24. Rf3 Rd8 25. Rdf1 g5 26. Nd4 Bxc4 27. Qxc4 Qd7
28. b4 a6 29. g3 Qd5 30. Qxd5 Rxd5 31. gxf4 gxf4 32. Rxf4 Rxe5 33. Rxf7+ Ke8
34. R7f5 Rg5 35. Rxe5 Rxe5 36. Nf5 Bf8 37. Kg2 c5 38. bxc5 Rxc5 39. Nd4 Rxa5
40. Rb1 Ra2+ 41. Kf3 b5 42. Ke4 Rxh2 43. Ra1 b4 44. Nf3 Re2+ 45. Kd3 Rf2 46.
Ne5 Bg7 47. Re1 Rf5 48. Ng4+ Kd7 49. cxb4 Rf3+ 50. Kc4 1/2-1/2

[Event "FRA-chT2 0910"]
[Site "France"]
[Date "2009.11.22"]
[Round "4.1"]
[White "Schwalfenberg, Joerg"]
[Black "Pytel, Krzysztof"]
[Result "1-0"]
[WhiteElo "2329"]
[BlackElo "2383"]
[PlyCount "99"]
[EventDate "2009.09.27"]
[EventType "team"]
[EventRounds "11"]
[EventCountry "FRA"]
[Source "ChessBase"]
[SourceDate "2010.03.11"]
[BlackTeam "Livry Gargan"]

1. d4 Nf6 2. Nf3 g6 3. c4 Bg7 4. Nc3 d5 5. Bg5 dxc4 6. Qa4+ c6 7. Qxc4 O-O 8.
e3 b5 9. Qb3 Be6 10. Qc2 Qa5 11. Bxf6 exf6 12. Qd2 Nd7 13. Bd3 b4 14. Ne2 c5
15. O-O Bd5 16. e4 Bb7 17. a3 Qb6 18. axb4 cxd4 19. Ra5 a6 20. Ng3 Rfe8 21. Bc4
f5 22. Ng5 Re7 23. exf5 Ne5 24. Bd5 Bxd5 25. Rxd5 Nc4 26. Qd1 h6 27. N5e4 g5
28. Qc1 Ne5 29. f6 Rc7 30. Qd1 Bxf6 31. Rd6 Qxd6 32. Nxd6 Rd8 33. Nge4 Bg7 34.
h4 gxh4 35. Qh5 Ng6 36. Qa5 Rcd7 37. Qxa6 Be5 38. Nc4 Bg7 39. Nf6+ Bxf6 40.
Qxf6 d3 41. Rd1 Re7 42. Qf3 Rd4 43. b3 Nf4 44. b5 Ne2+ 45. Kh2 Nf4 46. b6 Kg7
47. b7 Re8 48. Qg4+ Kh7 49. Qc8 Rdd8 50. Qf5+ 1-0

[Event "FRA-chT2 0910"]
[Site "France"]
[Date "2009.11.22"]
[Round "4.2"]
[White "Armas, Julius"]
[Black "Grizou, Regis"]
[Result "1/2-1/2"]
[WhiteElo "2335"]
[BlackElo "2178"]
[PlyCount "88"]
[EventDate "2009.09.27"]
[EventType "team"]
[EventRounds "11"]
[EventCountry "FRA"]
[Source "ChessBase"]
[SourceDate "2010.03.11"]

1. e4 c5 2. Nf3 e6 3. d3 Nc6 4. g3 d5 5. Qe2 Nf6 6. Bg2 Be7 7. O-O O-O 8. c3 b6
9. Re1 a5 10. e5 Nd7 11. a4 Ba6 12. Na3 Na7 13. Nc2 b5 14. axb5 Nxb5 15. c4 Nc7
16. Rxa5 Nb6 17. b3 Qd7 18. Be3 dxc4 19. bxc4 Bb7 20. Rea1 Rfd8 21. Ra7 Bc6 22.
Nd2 Bxg2 23. Kxg2 Rac8 24. R1a3 f5 25. exf6 gxf6 26. Qf3 f5 27. d4 cxd4 28.
Bxd4 Bxa3 29. Qxa3 e5 30. Bxe5 Qxd2 31. Qe7 Rd7 32. Qf6 Nxc4 33. Qh8+ Kf7 34.
Qg7+ Ke6 35. Nd4+ Rxd4 36. Bxd4 Qe2 37. Qf6+ Kd5 38. Ra1 Qe4+ 39. f3 Qxd4 40.
Qxf5+ Kc6 41. Re1 Rd8 42. Kh3 Qd7 43. Qg4 Qxg4+ 44. Kxg4 Rd7 1/2-1/2

[Event "FRA-chT2 0910"]
[Site "France"]
[Date "2009.11.22"]
[Round "4.2"]
[White "Steil Antoni, Fiona"]
[Black "Chernov, Vadim"]
[Result "1-0"]
[WhiteElo "2160"]
[BlackElo "2438"]
[PlyCount "109"]
[EventDate "2009.09.27"]
[EventType "team"]
[EventRounds "11"]
[EventCountry "FRA"]
[Source "ChessBase"]
[SourceDate "2010.03.11"]

1. e4 c5 2. c3 Nf6 3. e5 Nd5 4. d4 cxd4 5. cxd4 d6 6. Nf3 Nc6 7. Bc4 Nb6 8. Bb3
dxe5 9. d5 Na5 10. Nc3 Bg4 11. Ba4+ Nxa4 12. Qxa4+ Bd7 13. Qe4 f6 14. Bd2 Rc8
15. b3 b6 16. Nh4 Nb7 17. Ng6 Nd6 18. Qh4 hxg6 19. Qxh8 Nb5 20. Rc1 Nxc3 21.
Rxc3 Rxc3 22. Bxc3 Qc7 23. Kd2 Qc5 24. Qh4 Qxd5+ 25. Kc2 Qxg2 26. Rd1 Bg4 27.
Rd2 e6 28. Kb2 Qh3 29. Qg3 Qxg3 30. hxg3 Bf3 31. b4 b5 32. Rc2 Kd7 33. Bd2 Be4
34. Rc1 a6 35. a3 g5 36. Be3 g4 37. Bc5 Bxc5 38. Rxc5 Bc6 39. Kc3 g5 40. Kd2
Kd6 41. Kd3 f5 42. Ke3 f4+ 43. Ke2 Bd5 44. Rc8 Bc4+ 45. Ke1 Kd5 46. Rg8 Ke4 47.
Rxg5 Kf3 48. Rxe5 fxg3 49. Re3+ Kf4 50. Rxg3 e5 51. Rc3 Ke4 52. Kd2 Kd4 53. Rg3
Be6 54. Rd3+ Ke4 55. Rd6 1-0

[Event "FRA-chT2 0910"]
[Site "France"]
[Date "2009.11.22"]
[Round "4.2"]
[White "Tillet, Louis Juan"]
[Black "Maitesian, Sergei"]
[Result "1-0"]
[WhiteElo "2148"]
[BlackElo "2278"]
[PlyCount "163"]
[EventDate "2009.09.27"]
[EventType "team"]
[EventRounds "11"]
[EventCountry "FRA"]
[Source "ChessBase"]
[SourceDate "2010.03.11"]

1. e4 c5 2. c3 d5 3. exd5 Qxd5 4. d4 Nc6 5. Nf3 Bg4 6. Be2 cxd4 7. cxd4 e6 8.
Nc3 Qd7 9. d5 exd5 10. Qxd5 Qxd5 11. Nxd5 O-O-O 12. Nc3 Bxf3 13. Bxf3 Nd4 14.
Bd1 Re8+ 15. Kf1 Ne7 16. Be3 Nef5 17. Bg4 Kb8 18. Bf4+ Bd6 19. Bxd6+ Nxd6 20.
Rd1 N6f5 21. g3 h5 22. Bxf5 Nxf5 23. Kg2 h4 24. Rhe1 h3+ 25. Kf1 f6 26. Rxe8+
Rxe8 27. Rd3 Nh6 28. f3 Kc7 29. Nd5+ Kc6 30. Nf4 g5 31. Nxh3 g4 32. Ng1 f5 33.
h3 Rf8 34. Kg2 a5 35. Rc3+ Kd5 36. Ne2 gxh3+ 37. Kxh3 Rh8 38. Kg2 b5 39. Nf4+
Kd4 40. Kf2 Nf7 41. Rd3+ Kc4 42. Rc3+ Kd4 43. Ne2+ Kd5 44. Rc7 Rh2+ 45. Ke3 Nd6
46. Nf4+ Ke5 47. Re7+ Kf6 48. Re6+ Kf7 49. Rxd6 Rxb2 50. Rd2 Rb4 51. Rd5 Kf6
52. Nd3 Rb1 53. Kf4 a4 54. Rxf5+ Kg6 55. Rd5 a3 56. Rd4 Ra1 57. Nb4 Rb1 58. Nc2
Rb2 59. Nxa3 b4 60. Nc4 Rxa2 61. Ne5+ Kh5 62. Rxb4 Ra6 63. g4+ Kh6 64. Rc4 Rf6+
65. Kg3 Rf8 66. Rc6+ Kh7 67. f4 Ra8 68. g5 Ra3+ 69. Kg4 Ra1 70. Rc7+ Kh8 71.
Nd7 Rg1+ 72. Kf5 Ra1 73. g6 Ra5+ 74. Ne5 Rb5 75. Kf6 Rb6+ 76. Rc6 Rb8 77. Nf7+
Kg8 78. Nh6+ Kh8 79. g7+ Kh7 80. g8=Q+ Rxg8 81. Nxg8 Kh8 82. Kf7 1-0

[Event "FRA-chT2 0910"]
[Site "France"]
[Date "2009.11.22"]
[Round "4.2"]
[White "Van Elst, Andreas"]
[Black "Faber, Michel"]
[Result "1-0"]
[WhiteElo "2279"]
[BlackElo "2224"]
[PlyCount "149"]
[EventDate "2009.09.27"]
[EventType "team"]
[EventRounds "11"]
[EventCountry "FRA"]
[Source "ChessBase"]
[SourceDate "2010.03.11"]

1. d4 Nf6 2. c4 e6 3. Nc3 c5 4. d5 exd5 5. cxd5 g6 6. Nf3 d6 7. Nd2 a6 8. a4
Bg7 9. Nc4 O-O 10. Bf4 Nbd7 11. a5 b5 12. axb6 Nxb6 13. Nxd6 Nh5 14. Nxc8 Nxf4
15. Nxb6 Qxb6 16. Qd2 Rfd8 17. e4 Re8 18. f3 f5 19. g3 Nh5 20. Bc4 Qb4 21. Bd3
c4 22. Be2 Rab8 23. Ra2 Qb3 24. O-O fxe4 25. fxe4 Nf6 26. d6 Nxe4 27. Qd5+ Kh8
28. Nxe4 Qxa2 29. d7 Red8 30. Ng5 h6 31. Nf7+ Kh7 32. Nxd8 Rxd8 33. Bxc4 Qxb2
34. Qg8+ Rxg8 35. Bxg8+ Kxg8 36. d8=Q+ Kh7 37. Qd5 Qb6+ 38. Kg2 a5 39. Rf4 Qb2+
40. Kh3 Qa1 41. Qb5 Qe1 42. Qc4 Qd1 43. Rf7 Qh5+ 44. Kg2 Qe5 45. Ra7 Qb2+ 46.
Kh3 Qe5 47. Ra6 Qf5+ 48. Kg2 Qe5 49. Qd3 Qe8 50. Rxa5 Qc6+ 51. Rd5 Qb7 52. Kh3
Qf7 53. Rd6 Qe8 54. g4 Qf7 55. Kg2 Qb7+ 56. Kf2 Qf7+ 57. Ke3 Qe7+ 58. Kf3 Qf7+
59. Kg2 Qb7+ 60. Kh3 Qf7 61. Rb6 Bd4 62. Rb3 h5 63. gxh5 Qe6+ 64. Kg3 Qe1+ 65.
Kh3 Qe6+ 66. Kg3 Qe1+ 67. Kg2 Qf2+ 68. Kh3 Qf5+ 69. Qxf5 gxf5 70. Rf3 Bg7 71.
Rxf5 Kh6 72. Kg4 Kh7 73. Rf7 Kh6 74. Ra7 Kh7 75. Kg5 1-0

[Event "FRA-chT2 0910"]
[Site "France"]
[Date "2009.11.22"]
[Round "4.3"]
[White "Cathelineau, Didier"]
[Black "Buchy, Daniel"]
[Result "1-0"]
[WhiteElo "2203"]
[BlackElo "2137"]
[PlyCount "119"]
[EventDate "2009.09.27"]
[EventType "team"]
[EventRounds "11"]
[EventCountry "FRA"]
[Source "ChessBase"]
[SourceDate "2010.03.11"]

1. d4 d5 2. c4 c6 3. Nf3 Nf6 4. Nc3 e6 5. e3 Bd6 6. Bd3 Nbd7 7. O-O O-O 8. e4
dxc4 9. Bxc4 e5 10. Bg5 Qc7 11. d5 h6 12. Bh4 g5 13. Bg3 cxd5 14. Bxd5 Nxd5 15.
Nxd5 Qd8 16. Qe2 f6 17. Nd2 Nb6 18. Ne3 Be6 19. Nf5 Bxf5 20. exf5 Qe7 21. Ne4
Rad8 22. Rfd1 Kh7 23. Qh5 Rg8 24. b3 Rg7 25. Rd3 Bc7 26. Rad1 Rxd3 27. Rxd3 Qf7
28. f3 Nc8 29. Rd7 Qxh5 30. Nxf6+ Kh8 31. Rxg7 Kxg7 32. Nxh5+ Kf7 33. Bf2 Ne7
34. g4 Nd5 35. Ng3 Nc3 36. a4 a5 37. Kf1 b5 38. axb5 Nxb5 39. Ne4 Na3 40. Ke2
Bd8 41. Kd3 Be7 42. Bb6 Bb4 43. Bc7 Nb5 44. Bxe5 Na7 45. Bg3 Nc8 46. f4 gxf4
47. Bxf4 h5 48. h3 hxg4 49. hxg4 a4 50. bxa4 Nb6 51. g5 Nxa4 52. g6+ Kg8 53.
Bh6 Nc5+ 54. Nxc5 Bxc5 55. f6 Kh8 56. Ke4 Ba3 57. Kf5 Bb4 58. Ke6 Ba3 59. Kf7
Bf8 60. Bg7+ 1-0

[Event "FRA-chT2 0910"]
[Site "France"]
[Date "2009.11.22"]
[Round "4.3"]
[White "Goossens, Etienne"]
[Black "Julian, Stephane"]
[Result "1/2-1/2"]
[WhiteElo "2232"]
[BlackElo "2120"]
[PlyCount "120"]
[EventDate "2009.09.27"]
[EventType "team"]
[EventRounds "11"]
[EventCountry "FRA"]
[Source "ChessBase"]
[SourceDate "2010.03.11"]

1. d4 d5 2. Bf4 Nf6 3. e3 e6 4. Nd2 c5 5. c3 Nc6 6. Bd3 Bd6 7. Bxd6 Qxd6 8. f4
b6 9. a3 Bb7 10. Ngf3 O-O 11. Ne5 Ne7 12. Qf3 Nd7 13. O-O f5 14. Nxd7 Qxd7 15.
Qh5 a5 16. Nf3 Ba6 17. Bxa6 Rxa6 18. Ne5 Qe8 19. Qxe8 Rxe8 20. h3 Ra7 21. g4 a4
22. Rac1 Rc8 23. Kf2 fxg4 24. hxg4 Nc6 25. Nxc6 Rxc6 26. Rh1 h6 27. Rh5 Rf7 28.
Kg3 Kf8 29. Re5 Rf6 30. Rh1 Rg6 31. Rhh5 Rf6 32. g5 hxg5 33. Rh8+ Ke7 34. Rxg5
Kf7 35. Ra8 Rc7 36. Rxa4 Rh6 37. Ra6 Rb7 38. Kg2 cxd4 39. exd4 Rh4 40. Kf3 Rh3+
41. Rg3 Rh1 42. Rg2 Kf6 43. Ra8 Kf7 44. Rd8 g6 45. Kg3 Kf6 46. Rh2 Rg1+ 47. Kf2
Rb1 48. Kf3 Rf1+ 49. Ke3 Re1+ 50. Kd3 Rf1 51. Rf8+ Rf7 52. Rxf7+ Kxf7 53. Ke3
Rb1 54. Kf3 b5 55. Ke3 Kf6 56. Rg2 Re1+ 57. Re2 Rb1 58. Rg2 Re1+ 59. Re2 Rb1
60. Rg2 Re1+ 1/2-1/2

[Event "FRA-chT2 0910"]
[Site "France"]
[Date "2009.11.22"]
[Round "4.3"]
[White "Heran, Raphael"]
[Black "Gaudineau, Eric"]
[Result "0-1"]
[WhiteElo "2229"]
[BlackElo "2333"]
[PlyCount "130"]
[EventDate "2009.09.27"]
[EventType "team"]
[EventRounds "11"]
[EventCountry "FRA"]
[Source "ChessBase"]
[SourceDate "2010.03.11"]

1. e4 e5 2. Nf3 Nc6 3. Nc3 Nf6 4. Bb5 Bb4 5. d3 d6 6. O-O a6 7. Bxc6+ bxc6 8.
Ne2 O-O 9. Ng3 Re8 10. c3 Ba5 11. Qa4 Bb6 12. Qxc6 Bd7 13. Qc4 Bb5 14. Qb3 Bxd3
15. Re1 Ng4 16. Nh1 d5 17. Qxd5 Qxd5 18. exd5 e4 19. Nd4 Rad8 20. h3 Ne5 21.
Ng3 Rxd5 22. Nb3 Nc4 23. Nf1 f5 24. Ne3 Bxe3 25. fxe3 Rb8 26. Nd4 Kf7 27. b3
Na5 28. c4 Re5 29. Bd2 Rbe8 30. Bxa5 Rxa5 31. Nc6 Rc5 32. Nb4 a5 33. Nxd3 exd3
34. Rad1 Rd8 35. Rd2 Rc6 36. Kf2 Kf6 37. g3 g5 38. Kf3 h5 39. g4 fxg4+ 40. hxg4
h4 41. Red1 Rcd6 42. Ke4 Kg6 43. Kf3 Rf6+ 44. Kg2 Re8 45. Rxd3 Re4 46. Rd4 Rxe3
47. R1d2 Rg3+ 48. Kh2 Rff3 49. Rg2 Rd3 50. Rxd3 Rxd3 51. Re2 Rg3 52. Re4 Kf6
53. Kh1 Rd3 54. Re2 Rd4 55. Rf2+ Rf4 56. Rd2 Rxg4 57. Rd5 a4 58. Rc5 Rd4 59.
bxa4 g4 60. a5 Rd1+ 61. Kg2 Rd2+ 62. Kg1 Rxa2 63. Rxc7 Rxa5 64. Kf2 Ra2+ 65.
Ke3 g3 0-1

[Event "FRA-chT2 0910"]
[Site "France"]
[Date "2009.11.22"]
[Round "4.3"]
[White "Schneider, Heiko"]
[Black "Moldovan, Daniel"]
[Result "0-1"]
[WhiteElo "2177"]
[BlackElo "2437"]
[PlyCount "120"]
[EventDate "2009.09.27"]
[EventType "team"]
[EventRounds "11"]
[EventCountry "FRA"]
[Source "ChessBase"]
[SourceDate "2010.03.11"]

1. e4 c5 2. Nf3 Nc6 3. d4 cxd4 4. Nxd4 Nf6 5. Nc3 d6 6. Bc4 Bd7 7. O-O g6 8.
Re1 Bg7 9. Nb3 O-O 10. Bg5 h6 11. Bh4 Ne5 12. Bf1 g5 13. Bg3 Ng6 14. Nd5 Nxd5
15. exd5 Bxb2 16. Rb1 Bg7 17. Nd4 b6 18. Ba6 Qc7 19. Qd3 Qc5 20. Nf5 Bxf5 21.
Qxf5 e5 22. Bd3 Qc8 23. Red1 Qxf5 24. Bxf5 Ne7 25. Bd7 Rfd8 26. Ba4 Rac8 27. f3
Rc5 28. Bb3 Nf5 29. Bf2 Nd4 30. Bxd4 exd4 31. a4 Re8 32. Rd3 Re3 33. Rbd1 Rxd3
34. Rxd3 a5 35. Kf2 b5 36. axb5 Rxb5 37. Ke2 Rb4 38. Kd1 Be5 39. g3 Kg7 40. Ba2
a4 41. Kc1 h5 42. Ra3 Kf6 43. Rd3 h4 44. f4 gxf4 45. gxh4 Kg6 46. Kd2 Kh5 47.
Rf3 Kg4 48. Ra3 f3 49. h5 Bxh2 50. c3 dxc3+ 51. Kxc3 f2 52. Kxb4 f1=Q 53. Rxa4
Kxh5 54. Bc4 Qb1+ 55. Ka5 f5 56. Be2+ Kg5 57. Bc4 Be5 58. Ra3 f4 59. Ka6 Qc1
60. Ra4 f3 0-1

[Event "FRA-chT2 0910"]
[Site "France"]
[Date "2009.11.22"]
[Round "4.4"]
[White "Amoyal, Pierre"]
[Black "Alam, Nure"]
[Result "1-0"]
[WhiteElo "2213"]
[BlackElo "1978"]
[PlyCount "117"]
[EventDate "2009.09.27"]
[EventType "team"]
[EventRounds "11"]
[EventCountry "FRA"]
[Source "ChessBase"]
[SourceDate "2010.03.11"]

1. d4 d5 2. c4 e6 3. Nc3 c6 4. e3 Nf6 5. Nf3 Bb4 6. Qb3 a5 7. a3 Bxc3+ 8. Qxc3
Nbd7 9. b3 O-O 10. Bd3 a4 11. b4 Nb6 12. Nd2 Re8 13. O-O Qe7 14. Bb2 Nbd7 15.
e4 e5 16. Rae1 dxe4 17. Nxe4 Nxe4 18. Bxe4 f6 19. dxe5 Qf7 20. f4 Nb6 21. c5
Nc4 22. Bc1 f5 23. Bd3 Be6 24. Rf3 Rac8 25. Qc2 Ra8 26. g4 g6 27. gxf5 gxf5 28.
Rh3 Kh8 29. Bf1 Rg8+ 30. Rg3 Rxg3+ 31. hxg3 Rg8 32. Qh2 Qd7 33. Qf2 Qg7 34.
Bxc4 Bxc4 35. e6 Qxg3+ 36. Qxg3 Rxg3+ 37. Kf2 Rb3 38. e7 Bf7 39. e8=Q+ Bxe8 40.
Rxe8+ Kg7 41. Ra8 Kg6 42. Rxa4 h5 43. Ra8 h4 44. Rh8 h3 45. Be3 Rb2+ 46. Kf3 h2
47. Bf2 Rb3+ 48. Kg2 Rxa3 49. Rxh2 Ra2 50. Kf1 Rb2 51. Rg2+ Kf7 52. Rg7+ Ke6
53. Rxb7 Kd5 54. Re7 Rxb4 55. Re5+ Kc4 56. Rxf5 Kd3 57. Rf6 Ke4 58. Kg2 Rb8 59.
Rxc6 1-0

[Event "FRA-chT2 0910"]
[Site "France"]
[Date "2009.11.22"]
[Round "4.4"]
[White "Giroux, Fabrice"]
[Black "Dicko, Henri"]
[Result "1/2-1/2"]
[WhiteElo "2166"]
[BlackElo "2219"]
[PlyCount "84"]
[EventDate "2009.09.27"]
[EventType "team"]
[EventRounds "11"]
[EventCountry "FRA"]
[Source "ChessBase"]
[SourceDate "2010.03.11"]

1. e4 e5 2. Nf3 Nc6 3. d4 Nf6 4. dxe5 Ng4 5. Bc4 Ncxe5 6. Nxe5 Nxe5 7. Bb3 Bc5
8. Qh5 d6 9. Bg5 Qd7 10. h3 Ng6 11. Nc3 Bb4 12. Bd2 O-O 13. O-O-O a5 14. a3
Bxc3 15. Bxc3 b5 16. Kb1 c5 17. Bd5 Ra6 18. b3 a4 19. b4 Qe7 20. e5 dxe5 21.
bxc5 Be6 22. Qf3 Rc8 23. Bb4 Nf4 24. Bb7 Ra7 25. Bxc8 Bxc8 26. Qc6 Bf5 27. Qd6
Qxd6 28. Rxd6 h6 29. c6 Ne2 30. Rd8+ Kh7 31. Bd6 b4 32. Bxb4 Rc7 33. Rd6 Nd4
34. Kb2 Nxc6 35. c3 e4 36. Rhd1 Ne5 37. Ra6 Nd3+ 38. Rxd3 exd3 39. Kc1 Rc8 40.
Ra7 Re8 41. Re7 Rxe7 42. Bxe7 Be6 1/2-1/2

[Event "FRA-chT2 0910"]
[Site "France"]
[Date "2009.11.22"]
[Round "4.4"]
[White "Le Corre, Benjamin"]
[Black "Vallobra, Pierre"]
[Result "1-0"]
[WhiteElo "2252"]
[BlackElo "2052"]
[PlyCount "125"]
[EventDate "2009.09.27"]
[EventType "team"]
[EventRounds "11"]
[EventCountry "FRA"]
[Source "ChessBase"]
[SourceDate "2010.03.11"]

1. e4 e6 2. d4 d5 3. Nd2 Nf6 4. e5 Nfd7 5. Bd3 c5 6. c3 Nc6 7. Ne2 Qb6 8. Nf3
f6 9. exf6 Nxf6 10. O-O Bd6 11. dxc5 Bxc5 12. b4 Bd6 13. b5 Ne7 14. Be3 Qc7 15.
Ned4 Bc5 16. Ng5 Bxd4 17. Bxd4 e5 18. Be3 e4 19. b6 Qc6 20. Be2 a6 21. c4 h6
22. cxd5 Nexd5 23. Bh5+ Ke7 24. Nf7 Bg4 25. Bxg4 Kxf7 26. Rc1 Qb5 27. Be2 Qd7
28. Qb3 Kg6 29. Rfd1 Qf5 30. Rc5 Rhd8 31. h3 Nxe3 32. Rxf5 Nxf5 33. Bg4 Nxg4
34. hxg4 Nd4 35. Qa4 Ne2+ 36. Kh2 Nc3 37. Rxd8 Rxd8 38. Qc4 Nd5 39. Qxe4+ Kf7
40. f4 Rd7 41. Qf5+ Ke7 42. Qe5+ Kf7 43. g5 hxg5 44. Qf5+ Ke7 45. Qxg5+ Kd6 46.
g4 Nxb6 47. Qe5+ Kc6 48. f5 Nd5 49. Kg3 Re7 50. Qb2 Kd6 51. Kh4 Rf7 52. Kg5 Rc7
53. Qh2+ Kc6 54. Kg6 Re7 55. g5 Rd7 56. Qe5 Re7 57. Qd4 Kd6 58. Kh7 Kc6 59.
Qxg7 Rxg7+ 60. Kxg7 Kd7 61. f6 Nf4 62. f7 Ne6+ 63. Kg8 1-0